An introduction to aqueous electrolyte solutions (Record no. 7169)

MARC details
000 -LEADER
fixed length control field 00542nam a22001937a 4500
003 - CONTROL NUMBER IDENTIFIER
control field OSt
005 - DATE AND TIME OF LATEST TRANSACTION
control field 20210908114954.0
008 - FIXED-LENGTH DATA ELEMENTS--GENERAL INFORMATION
fixed length control field 210908b ||||| |||| 00| 0 eng d
020 ## - INTERNATIONAL STANDARD BOOK NUMBER
International Standard Book Number 9780470842935
040 ## - CATALOGING SOURCE
Transcribing agency DDC
082 ## - DEWEY DECIMAL CLASSIFICATION NUMBER
Classification number 541.372WRI2009
100 ## - MAIN ENTRY--PERSONAL NAME
Personal name Wright,Robson Margaret
9 (RLIN) 14757
245 ## - TITLE STATEMENT
Title An introduction to aqueous electrolyte solutions
Statement of responsibility, etc. Edited by Wright,Robson Margaret;
260 ## - PUBLICATION, DISTRIBUTION, ETC. (IMPRINT)
Place of publication, distribution, etc. UK
Name of publisher, distributor, etc. Wiley
Date of publication, distribution, etc. 2009
300 ## - PHYSICAL DESCRIPTION
Extent xxviii,574p;
Other physical details ill
Dimensions 25cm
504 ## - BIBLIOGRAPHY, ETC. NOTE
Bibliography, etc Includes; index
650 ## - SUBJECT ADDED ENTRY--TOPICAL TERM
Topical term or geographic name as entry element Chemistry
9 (RLIN) 797
942 ## - ADDED ENTRY ELEMENTS (KOHA)
Source of classification or shelving scheme Dewey Decimal Classification
Koha item type Open Shelf
Holdings
Withdrawn status Lost status Source of classification or shelving scheme Damaged status Not for loan Home library Current library Date acquired Source of acquisition Inventory number Total Checkouts Full call number Barcode Date last seen Price effective from Koha item type
    Dewey Decimal Classification     MUST Main Library MUST Main Library 08/09/2021 Donation 10/32585   541.372WRI2009 2021-0949 08/09/2021 08/09/2021 Open Shelf
    Dewey Decimal Classification     MUST Main Library MUST Main Library 19/06/2024 Purchase 09/31334   541.372WRI2009 2024-20927 19/06/2024 19/06/2024 Open Shelf